000 01271nam0a22003251 4500
001 2567598
005 20260407100005.0
035 _a(NLR Aleph) 006439155
090 _a5625228
_c5625228
100 _a20110316d1979 u y0rusy50 ca
101 0 _arus
102 _aRU
105 _ay z |||||
200 1 _aЭкологические основы стратегии и тактики защиты растений
_dEcological bases of strategy and tactics of plant protection
_eТр. ВНИИ защиты растений
_fВАСХНИЛ
_gГл. ред К.В. Новожилов
210 _aЛенинград
_cВИЗР
_d1979
215 _a138 с.
_d26
300 _aРез. работ англ.
320 _aБиблиогр. в конце работ
510 0 _aEcological bases of strategy and tactics of plant protection
_zeng
606 _aЗащита растений
_jСборники
_2psbo
686 _aП4я43
_2rubbk
702 1 _aНовожилов
_bК.В.
_4340
712 0 2 _aВНИИ защиты растений
_cЛенинград
_3RU\NLR\AUTH\889925835
_9347483
801 0 _aRU
_bNLR
_gpsbo
801 1 _aRU
_bELAR
_2rusmarc
852 _aNLR
_j80-7/633
899 _aRuMoRGB
_jБ 80-7/68
942 _cBOOK
980 _aNB